书目信息 |
| 题名: |
遥感数字图像处理教程
|
|
| 作者: | 韦玉春 , 汤国安 , 杨昕 编著 | |
| 分册: | ||
| 出版信息: | 北京 科学出版社 2007.12 |
|
| 页数: | 298页 | |
| 开本: | 24cm | |
| 丛书名: | ||
| 单 册: | ||
| 中图分类: | TP751.1 | |
| 科图分类: | ||
| 主题词: | 遥感图像--yao gan tu xiang--数字图像处理--高等学校--教材 | |
| 电子资源: | ||
| ISBN: | 978-7-03-020130-0 | |
| 000 | 01061nam0 2200289 450 | |
| 001 | 012008546064 | |
| 005 | 20080414115032.40 | |
| 010 | @a978-7-03-020130-0@dCNY30.00 (含光盘) | |
| 010 | @a978-7-900224-68-2@b光盘 | |
| 100 | @a20080414d2007 em y0chiy0120 ea | |
| 101 | 0 | @achi |
| 102 | @aCN@b110000 | |
| 105 | @aak a 000yy | |
| 106 | @ar | |
| 200 | 1 | @a遥感数字图像处理教程@Ayao gan shu zi tu xiang chu li jiao cheng@f韦玉春, 汤国安, 杨昕等编著@Fwei yu chun,tang guo an,yang xin deng bian zhu |
| 210 | @a北京@c科学出版社@d2007.12 | |
| 215 | @a298页@c图@d24cm | |
| 300 | @a普通高等教育“十一五”国家级规划教材 | |
| 320 | @a有书目 (第295页) | |
| 330 | @a本书共10章,主要内容包括:概论、遥感数字图像的获取和存储、遥感数字图像的表示和统计描述、图像显示和拉伸等。 | |
| 606 | 0 | @a遥感图像@Ayao gan tu xiang@x数字图像处理@x高等学校@j教材 |
| 690 | @aTP751.1@v4 | |
| 701 | 0 | @a韦玉春@Awei yu chun@4编著 |
| 701 | 0 | @a汤国安@Atang guo an@4编著 |
| 701 | 0 | @a杨昕@Ayang xin@4编著 |
| 801 | 0 | @aCN@bQSSK@c20080414 |
| 905 | @b291687-89@dTP751.1@eW525@f3 | |
| 遥感数字图像处理教程/韦玉春, 汤国安, 杨昕等编著.-北京:科学出版社,2007.12 |
| 298页:图;24cm |
| 普通高等教育“十一五”国家级规划教材 |
| ISBN 978-7-03-020130-0:CNY30.00 (含光盘) |
| 本书共10章,主要内容包括:概论、遥感数字图像的获取和存储、遥感数字图像的表示和统计描述、图像显示和拉伸等。 |
| ● |
| 相关链接 |
|
|
|
正题名:遥感数字图像处理教程
索取号:TP751.1/W525
 
预约/预借
| 序号 | 登录号 | 条形码 | 馆藏地/架位号 | 状态 | 备注 |
| 1 | 291687 | 202916871 | 自科库301/301自科库 136排2列5层/ [索取号:TP751.1/W525] | 在馆 | |
| 2 | 291688 | 202916880 | 自科库301/301自科库 38排1列1层/ [索取号:TP751.1/W525] | 在馆 | |
| 3 | 291689 | 202916899 | 自科库301/301自科库 136排2列5层/ [索取号:TP751.1/W525] | 在馆 |